Statistics for The Loud House Quiz

Click here to take the quiz!

General Stats

  • This quiz has been taken 1,989 times
  • The average score is 11 of 16

Answer Stats

Hint Answer % Correct
main characterLincoln Loud
97%
oldest kidLori Loud
96%
secondLeni Loud
93%
thirdLuna Loud
87%
fourthLuan Loud
85%
fifthLynn Loud Jr.
80%
ninth oldest/younger twinLola Loud
79%
youngest childLily Loud
77%
eight oldest/older twinLana Loud
77%
seventh oldestLucy Loud
77%
tenth oldestLisa Loud
72%
oldest kid's boyfriendBobby Santiago
55%
main character's best friendClyde McBride
54%
main character's girlfriendRonnie Anne Santiago
40%
fatherMr. Lynn Loud Sr.
38%
motherMrs. Rita Loud
36%

Score Distribution

Percentile by Number Answered

Percent of People with Each Score

Your Score History

You have not taken this quiz